| 000 | 00297as aa2200097a 44500 | ||
|---|---|---|---|
| 090 |
_aSERIADAS _b01478 |
||
| 245 | 1 | 0 | _aRevista de investigación geográfica |
| 260 |
_bUniversidad de Nariño. Facultad de Ciencias Humanas. Departamento de Geografía _aColombia |
||
| 041 | 0 | _aEspañol | |
| 942 | _cREVISTA | ||
| 999 |
_c17243 _d17243 |
||